Reglamento de personal académico de la Pontificia Universidad Católica de Valparaíso

保存先:
書誌詳細
団体著者: Pontificia Universidad Católica de Valparaíso (著者)
フォーマット: 図書
言語:スペイン語
出版事項: Valparaíso Pontificia Universidad Católica de Valparaíso 2009
主題:
タグ: タグ追加
タグなし, このレコードへの初めてのタグを付けませんか!

MARC

LEADER 00000cam a2200000 a 4500
001 UCF8063
003 CL-VaPUC
008 130725e20090000cl |||||||||||||||||spa|d
082 0 4 |a 378.12  |b PON  |2 21 
110 2 |a Pontificia Universidad Católica de Valparaíso  |e author  |9 570140 
245 1 0 |a Reglamento de personal académico de la Pontificia Universidad Católica de Valparaíso 
300 |a 50 p 
942 |c BK 
945 |d 20130725 00:00:00  |a dcastane 
260 |a Valparaíso  |b Pontificia Universidad Católica de Valparaíso  |c 2009 
650 0 |a Educación superior   |9 223851 
650 0 |a Universidades chilenas  |9 407335 
650 0 |a Archivo histórico PUCV  |9 255554 
583 |a last modification  |c 20130725 12:05:00  |k Rodrigo Vera 
999 |c 352737  |d 352735 
952 |0 0  |1 0  |4 0  |6 378_120000000000000_PON_2009  |7 0  |8 X  |9 457350  |a FDOBUD  |b FDOBUD  |d 2019-11-22  |i 4990285  |o 378.12 PON 2009  |p 4990285  |r 2019-11-22  |w 2019-11-22  |y BK_X  |k FHP